Statistics for Best Picture Settings

Click here to take the quiz!

General Stats

  • This quiz has been taken 8 times
  • The average score is 40 of 95

Answer Stats

Place(s)MovieYear(s)% Correct
Mordor, Middle-EarthThe Lord of the Rings: The Return of the KingThe Third Age
100%
Casablanca, French MoroccoCasablanca1941
75%
Elsinore Castle, DenmarkHamletc. 7th century AD
75%
Seoul, South KoreaParasite2019 (contemporary)
75%
Cincinnati, OH; Las Vegas, NVRain Man1988 (contemporary)
75%
Mumbai, IndiaSlumdog Millionaire1992 - 2006
75%
Saratoga Springs, NY, A New Orleans plantation12 Years a Slave1841 - 1853
63%
Battlefields on the German/French borderAll Quiet on the Western Front1914 - 1918
63%
Vienna, AustriaAmadeus1781 - 1791, 1825
63%
Tehran, IranArgo1979
63%
Jerusalem, JudeaBen-Hur26 - 33 AD
63%
Scottish Highlands; London, EnglandBraveheart1277 - 1314
63%
Cambridge, England; Olympic Stadium, Paris, FranceChariots of Fire1919 - 1924
63%
The streets of Los Angeles, CACrash2005 (contemporary)
63%
Sioux land, Dakota territoryDances With Wolves1865
63%
Pietermaritzburg, South Africa; New Delhi, IndiaGandhi1893 - 1948
63%
Tara Plantation / Atlanta, GeorgiaGone With the Wind1861 - 1866
63%
Aqaba, Jordan; Damascus, SyriaLawrence of Arabia1916 - 1918
63%
Tahiti / Pitcairn, Pacific OceanMutiny on the Bounty1789 - 1790
63%
Oregon State Mental Hospital, OROne Flew Over The Cuckoo’s Nest1962
63%
Vietnam, near Cambodian borderPlatoon1967
63%
Philadelphia, PARocky1976 (contemporary)
63%
Rose Theater / Curtain Theater, London, EnglandShakespeare in Love1593
63%
Boston, MAThe Departed2006 (contemporary)
63%
New York, NY; Sicily, ItalyThe Godfather1945 - 1955
63%
Baghdad, IraqThe Hurt Locker2004
63%
Buckingham Palace / London, EnglandThe King's Speech1925 - 1939
63%
State Hospital for the Criminally Insane, Baltimore, MDThe Silence of the Lambs1991 (contemporary)
63%
An average block in suburban AmericaAmerican Beauty1999 (contemporary)
50%
Cook County Jail, Chicago, ILChicago1927
50%
Greenbow, AL; North VietnamForrest Gump1950s - 1982
50%
Germania / Rome, Roman EmpireGladiator180 - 181 AD
50%
A courtroom in New York, NYKramer vs. Kramer1979 (contemporary)
50%
Times Square, New York, NYMidnight Cowboy1969 (contemporary)
50%
Squalid neighborhoods in London, EnglandOliver!1837 - 1839
50%
The docks of Hoboken, NJOn the Waterfront1954 (contemporary)
50%
Kenya, British East Africa; Rungstedlund, DenmarkOut of Africa1914 - 1937
50%
Krakow, Poland; Brinnlitz, MoraviaSchindler's List1939 - 1945
50%
An office building / apartment in New York, NYThe Apartment1960 (contemporary)
50%
Western ThailandThe Bridge on the River Kwai1942 - 1943
50%
Various alleyways and tunnels in New York, NYThe French Connection1971 (contemporary)
50%
Lower East Side of New York, NY; Lake Tahoe, NVThe Godfather Part II1901 - 1925; 1958 - 1959
50%
Beijing, ChinaThe Last Emperor1908 - 1967
50%
Salzburg, AustriaThe Sound of Music1937 - 1938
50%
Atlantic Ocean between Southampton, England and New York, NYTitanic1912, 1997
50%
Princeton, NJA Beautiful Mind1947 - 1994
38%
Hampton Court / Tower of London, EnglandA Man For All Seasons1532 - 1535
38%
Paris, FranceAn American in Paris1951 (contemporary)
38%
New York, NY; Los Angeles, CAAnnie Hall1977 (contemporary)
38%
Numerous locations around the globeAround the World in 80 Days1872
38%
New York, NYBirdman2014 (contemporary)
38%
An inn in Berlin, GermanyGrand Hotel1932 (contemporary)
38%
The American southGreen Book1962
38%
The segregated community of Sparta, MSIn the Heat of the Night1967 (contemporary)
38%
A butcher shop in The Bronx, NYMarty1955 (contemporary)
38%
West Texas-Mexico Border; El Paso, TXNo Country For Old Men1980
38%
An affluent home in Lake Forest, ILOrdinary People1980 (contemporary)
38%
Clairton, PA; Saigon, VietnamThe Deer Hunter1968 - 1975
38%
Villa San Girolamo, Italy / Desert outside of Cairo, EgyptThe English Patient1937 - 1945
38%
A drafty attic / a courtroom in Paris, FranceThe Life of Emile Zola1878 - 1902
38%
Allworthy Estate, Somerset / London, EnglandTom Jones1749
38%
The Upper West Side of New York, NYWest Side Story1961 (contemporary)
38%
Various theaters and dressing rooms in New York, NYAll About Eve1950 (contemporary)
25%
A midtown theater in New York, NYBroadway Melody1929 (contemporary)
25%
Cherokee Territory, OklahomaCimarron1893
25%
Gloucester, MACODA2021 (contemporary)
25%
Simi Valley, CAEverything Everywhere All At Once2022 (contemporary)
25%
Pearl Harbor, HIFrom Here to Eternity1941
25%
New York, NY; the 'restricted' community of Darien, CTGentleman’s Agreement1947 (contemporary)
25%
Salons and parks in Paris, FranceGigi1890s
25%
The road between Miami, FL and New York, NYIt Happened One Night1934 (contemporary)
25%
Los Angeles, CA / Las Vegas, NVMillion Dollar Baby2004 (contemporary)
25%
Nevada, USANomadland2011
25%
Manderlay Manor, Cornwall, EnglandRebecca1940 (contemporary)
25%
Boston, MASpotlight2001 - 2003
25%
Boone City, OHThe Best Years of Our Lives1946 (contemporary)
25%
In and between small towns throughout the USThe Greatest Show on Earth1952 (contemporary)
25%
Nat's Bar, New York, NYThe Lost Weekend1945 (contemporary)
25%
Joliet/Chicago, ILThe Sting1936
25%
A brothel in Big Whiskey, Wyoming TerritoryUnforgiven1881
25%
A small American town; Eastern FranceWings1917 - 1918
25%
A ramshackle house near Columbia U, New York, NYYou Can’t Take it With You1938 (contemporary)
25%
Maryott residence in London, EnglandCavalcade1899 -1933
13%
Atlanta, GADriving Miss Daisy1948 - 1973
13%
St. Dominic's Parish, New York, NYGoing My Way1944 (contemporary)
13%
A small village in the Rhondda Valley, South WalesHow Green Was My Valley1890s
13%
Liberty City, Miami, FLMoonlight1980s - 2000s
13%
A small village outside London, EnglandMrs. Miniver1939 - 1942
13%
Covent Garden / Ascot Racecourse, London, EnglandMy Fair Lady1912
13%
Messina, Italy; Heidelberg, GermanyPatton1943 - 1945
13%
Houston, TexasTerms of Endearment1950s - 1980s
13%
Hollywood, CAThe Artist1927 - 1932
13%
Baltimore, MDThe Shape of Water1962
13%
Baton Rouge, LouisianaAll the King's Men1928 - 1935
0%
Vaudeville theaters in Chicago, IL and New York, NYThe Great Ziegfeld1893 - 1932
0%

Score Distribution

Percentile by Number Answered

Percent of People with Each Score

Your Score History

You have not taken this quiz